Which Part of the Digestive System? - Statistics

General Stats
  • This quiz has been taken 277 times
  • The average score is 10 of 15
Answer Stats
Question Answer % Correct
The first place where food is mechanically broken down. Mouth
94%
Stores bile. Gallbladder
82%
Transports food from the mouth to the stomach. Oesophagus
82%
Secretes amylase into the mouth to chemically break down carbohydrates. Salivary Glands
82%
The flap of tissue that stops food from entering the windpipe. Epiglottis
71%
The lowest section of the small intestine, where bile salts, vitamins and other digestive products are absorbed. Ileum
71%
The longest organ in the digestive system, at about 6m. Small Intestine
71%
Churns food into a liquid called chyme. Stomach
71%
Sphincter muscle that controls the removal of faeces from the body. Anus
65%
The top section of the small intestine, where enzymes and bile are secreted to break down food. Duodenum
65%
Produces enzymes that are secreted into the small intestine. Pancreas
65%
Where water and electrolytes are absorbed into the bloodstream and faeces is formed. Large Intestine
59%
The lowest section of the large intestine, where faeces is stored before exiting the body. Rectum
59%
Creates bile to emulsify lipids. Liver
47%
The part of the stomach that connects to the small intestine. Pylorus
35%
No matching quizzes found
Score Distribution
Percent of People with Each Score
Percentile by Number Answered
Your Score History
You have not taken this quiz